000 01233nam a2200313 a 4500
001 ebr10720738
003 CaPaEBR
006 m o u
007 cr cn|||||||||
008 130625r20131995enk sb 000 0 eng d
020 _z9781782200383
020 _z9781782411420 (e-book)
040 _aCaPaEBR
_cCaPaEBR
035 _a(OCoLC)847947528
050 1 4 _aRC465
_b.E34 2013eb
082 0 4 _a616.89/14
_223
100 1 _aEigen, Michael.
245 1 0 _aReshaping the self
_h[electronic resource] :
_breflections on renewal through therapy /
_cby Michael Eigen.
260 _aLondon :
_bKarnac,
_c2013.
300 _axvi, 198 p.
500 _aOriginally published by Psychosocial Press in 1995.
504 _aIncludes bibliographical references.
533 _aElectronic reproduction.
_bPalo Alto, Calif. :
_cebrary,
_d2013.
_nAvailable via World Wide Web.
_nAccess may be limited to ebrary affiliated libraries.
650 0 _aPsychotherapy
_vCase studies.
650 0 _aSelf-actualization (Psychology)
_vCase studies.
655 7 _aElectronic books.
_2local
710 2 _aebrary, Inc.
856 4 0 _uhttp://site.ebrary.com/lib/rucke/Doc?id=10720738
_zAn electronic book accessible through the World Wide Web; click to view
999 _c38825
_d38825